Albums by album cover - RYM top 250 - Statistics

General Stats
  • This quiz has been taken 163 times
  • The average score is 10 of 16
Answer Stats
Picture Answer % Correct
Loveless
90%
In the court of the crimson king
85%
Ants from up there
81%
LONG SEASON
76%
Twin fantasy
75%
Unknown pleasures
73%
Imaginal disk
69%
Funeral
59%
Ys
57%
The Seer
56%
Flood
46%
Titanic rising
46%
Bottomless pit
44%
Jane Doe
41%
The Dreaming
37%
Clube da esquina
32%
No matching quizzes found
Score Distribution
Percent of People with Each Score
Percentile by Number Answered
Your Score History
You have not taken this quiz